000 00928nam a2200241 i 4500
001 161269
003 ES-MaACL
005 20250715042759.0
008 940301s1883 sp a |||| | spa d
040 _aAS
_bspa
100 1 _aPalacio Valdés, Armando,
_d1853-1938
_988382
245 1 0 _aMarta y María
_b: novela de costumbres /
_coriginal de Armando Palacio Valdés ; ilustración de J. Luis Pellicer.
260 _aBarcelona :
_bFrancisco Pérez,
_c1883.
300 _aIV, [5]-372 p. :
_bil. ;
_c21 cm.
490 1 _aBiblioteca "Arte y letras"
530 _aDisponible en formato digital.
700 1 _aPellicer, Josep Lluis,
_d1842-1901
_9143862
830 1 0 _aBiblioteca "Arte y letras"
_9180874
852 _aES-MaACL
_jB-719
_xEnc. hol.
856 _uhttp://bdh-rd.bne.es/viewer.vm?id=0000251367&page=1
_yVersión en línea
_zBiblioteca Digital Hispánica
942 _2udc
999 _c161269
_d161269